• Campanini Giorgio, Bonte-Dehaene Thérese e Jacques, Olivier Bernard

di Personal Name

Records bibliografici associati: 1

001 - CONTROL NUMBER

  • control field: 62355

003 - CONTROL NUMBER IDENTIFIER

  • control field:

005 - DATE AND TIME OF LATEST TRANSACTION

  • control field: 20250701141910.0

008 - FIXED-LENGTH DATA ELEMENTS

  • fixed length control field: 250701|| aca||aabn | a|a d

040 ## - CATALOGING SOURCE

  • Original cataloging agency:
  • Transcribing agency:

100 ## - HEADING--PERSONAL NAME

  • Personal name: Campanini Giorgio, Bonte-Dehaene Thérese e Jacques, Olivier Bernard

670 ## - SOURCE DATA FOUND

  • Source citation: Work cat.: ()206422: Campanini Giorgio, Bonte-Dehaene Thérese e Jacques, Olivier Bernard, Quale missione per la coppia cristiana oggi?, 1993
CREDITS: SOCIETA' SAN PAOLO Via A.Severo, 58 - ROMA (RM) & PERIODICI SAN PAOLO SRL Via Giotto, 36 MILANO & CISF Via Giotto, 36 MILANO & EDIZIONI SAN PAOLO SRL,  Piazza Soncino, 5 CINISELLO BALSAMO (MI) -- ITALY